I was Stalin's bodyguard / (Record no. 132000)

MARC details
000 -LEADER
fixed length control field 01148nam a2200349 a 4500
001 - CONTROL NUMBER
control field vtls000128925
003 - CONTROL NUMBER IDENTIFIER
control field NLI
005 - DATE AND TIME OF LATEST TRANSACTION
control field 20210601205817.0
008 - FIXED-LENGTH DATA ELEMENTS--GENERAL INFORMATION
fixed length control field 101125s1952 enk 000 0aeng
020 ## - INTERNATIONAL STANDARD BOOK NUMBER
Terms of availability Rs. 15.00
039 #9 - LEVEL OF BIBLIOGRAPHIC CONTROL AND CODING DETAIL [OBSOLETE]
-- 201011251404
-- VLOAD
040 ## - CATALOGING SOURCE
Original cataloging agency NLI
Language of cataloging eng
Transcribing agency Datasoft 1
Description conventions AACR2
041 1# - LANGUAGE CODE
Language code of text/sound track or separate title eng
044 ## - COUNTRY OF PUBLISHING/PRODUCING ENTITY CODE
MARC country code enk
082 04 - DEWEY DECIMAL CLASSIFICATION NUMBER
Classification number 92
100 1# - MAIN ENTRY--PERSONAL NAME
Personal name Amba, Achmed
9 (RLIN) 258796
240 10 - UNIFORM TITLE
Uniform title Ein Mensch sieht Stalin
Language of a work English
245 10 - TITLE STATEMENT
Title I was Stalin's bodyguard /
Statement of responsibility, etc. by Achmed Amba ; translated by Richard and Clara Winston
260 ## - PUBLICATION, DISTRIBUTION, ETC.
Place of publication, distribution, etc. London :
Name of publisher, distributor, etc. Frederick Muller,
Date of publication, distribution, etc. 1952
300 ## - PHYSICAL DESCRIPTION
Extent 256 p. ;
Dimensions 22 cm.
500 ## - GENERAL NOTE
General note Translation of: Ein Mensch sieht Stalin
600 10 - SUBJECT ADDED ENTRY--PERSONAL NAME
Personal name Stalin, Joseph,
Dates associated with a name 1879-1953
9 (RLIN) 213480
650 #0 - SUBJECT ADDED ENTRY--TOPICAL TERM
Topical term or geographic name entry element Autobiographies
9 (RLIN) 68904
700 1# - ADDED ENTRY--PERSONAL NAME
Personal name Winston, Richard,
Relationship trl
9 (RLIN) 145544
700 1# - ADDED ENTRY--PERSONAL NAME
Personal name Winston, Clara,
Relationship trl
9 (RLIN) 17572
887 ## - NON-MARC INFORMATION FIELD
Content of non-MARC field
901 ## - LOCAL DATA ELEMENT A, LDA (RLIN)
a 372402
b 12.2.65
902 ## - LOCAL DATA ELEMENT B, LDB (RLIN)
a E 92 St 16 a
949 ## - LOCAL PROCESSING INFORMATION (OCLC)
-- VIRTUAITEM
-- 10000
-- 100
6 PUR000372402ENG
942 ## - ADDED ENTRY ELEMENTS (KOHA)
Source of classification or shelving scheme Dewey Decimal Classification
Koha item type Books
Holdings
Withdrawn status Lost status Damaged status Not for loan Collection code Home library Current library Shelving location Date acquired Total Checkouts Full call number Barcode Date last seen Price effective from Koha item type
        New English National Library of India National Library of India New English - Main Stack Division     E 92 St 16 a PUR000372402ENG 01/06/2021 01/06/2021 Books
                                                                           
web counter

Copyright ©2020 The National Library of India, Govt. of India ↔ Hosted by NVLI, MOC ↔ Technology and Design by National Library of India, Ministry of Culture, Govt. of India